000 00459nam a2200181Ia 4500
008 090123s9999 xx 000 0 und d
082 _b37640
100 _aदिवाण वृंदा
245 _aती
250 _a1
260 _bपायल प्रकाशन
_c2005
300 _a230
600 _aदिवाण वृंदा
630 _aती
700 _aदिवाण वृंदा
730 _aती
942 _cBOOK
999 _c75707
_d75707